La educación del hombre

Uloženo v:
Podrobná bibliografie
Hlavní autor: Froebel, Friedrich
Médium: Kniha
Jazyk:španělština
Vydáno: Universidad de Chile. 1968.
Témata:
Tagy: Přidat tag
Žádné tagy, Buďte první, kdo vytvoří štítek k tomuto záznamu!

MARC

LEADER 00000nam a22000005a 4500
001 3555
003 CL-ChBUA
005 20120815102829.0
008 070301s1968 cl 000 0 spa
040 |a CL-ChBUA  |c CL-ChBUA 
082 0 0 |a 370.1 
090 |c 3555  |d 3555 
100 1 |a Froebel, Friedrich. 
245 1 0 |a La educación del hombre 
260 |b Universidad de Chile.  |c 1968. 
300 |a 148 p.  |b il.  |c 23 cm. 
504 |a Indice. 
650 4 |a EDUCACION - FILOSOFIA. 
942 |c LIB 
952 |0 0  |1 0  |4 0  |7 0  |9 5280  |a UNACH  |b UNACH  |c CP  |d 2007-03-05  |i 19.506.  |l 2  |m 1  |o 370.1 / F 925.  |p 6279  |r 2023-10-02 00:00:00  |s 2022-04-20  |u 5280  |w 2012-08-08  |y LIB  |k 370.1 / F 925. 
999 |c 3555  |d 3555